• 首页
  • 本馆介绍
  • 公告通知
  • 最新文献
  • 馆藏检索
  • 电子资源
  • 读者导购
  • 参考咨询
  • 我的图书馆
  • 登录
  • 详细信息显示
  • 放入我的书架
  • 预约/预借图书
  • 作者相关作品
  • 分类相关作品
  • 丛书相关作品
  • 出版社相关作品

书目信息

  • 表格格式
  • 工作单格式
  • 卡片格式
题名:
LAMP从入门到精通
    
 
作者: 张建华 主编
分册:  
出版信息: 杭州   浙江大学出版社  2006
页数: 151页
开本: 26cm
丛书名:
单 册:
中图分类: TP368.5
科图分类:
主题词: 互联网络--网络服务器--基本知识 , 互联网络 , 网络服务器
电子资源:
ISBN: 7-308-04949-3
000 00851nam0 2200265 450
001 012007074511
005 20070517102430.64
010    @a7-308-04949-3@dCNY18.00
100    @a20070509d2006 km y0chiy0120 ea
101 0  @achi
102    @aCN@b330000
105    @ay z 000yy
106    @ar
200 1  @aLAMP从入门到精通@ALAMP cong ru men dao jing tong@f张建华主编@Fzhang jian hua zhu bian
210    @a杭州@c浙江大学出版社@d2006
215    @a151页@d26cm
330    @a本书教授如何使用LAMP技术来安装和设置网络服务器,重点介绍了LAMP平台的构架及基于LAMP平台的企业信息化解决方案。
510 1  @aLAMP: basic to advanced@zeng
606 0  @a互联网络@x网络服务器@x基本知识
606 0  @a互联网络
606 0  @a网络服务器
690    @aTP368.5@v4
701  0 @a张建华@Azhang jian hua@4主编
801  0 @aCN@bRULIN@c20070517
905    @dTP368.5@e382@s5
    
    LAMP从入门到精通/张建华主编.-杭州:浙江大学出版社,2006
    151页;26cm
    
    
    ISBN 7-308-04949-3:CNY18.00
    本书教授如何使用LAMP技术来安装和设置网络服务器,重点介绍了LAMP平台的构架及基于LAMP平台的企业信息化解决方案。
●
相关链接 在E读中查询图书 在五车中查询图书 在当当中查询图书 在豆瓣中查询图书


正题名:LAMP从入门到精通     索取号:TP368.5/382         预约/预借

序号 登录号 条形码 馆藏地/架位号 状态 备注
1 0572857   205728578   第二样本阅览室/ [索取号:TP368.5/382] 在馆    
2 0572858   205728587   第三借阅区/ [索取号:TP368.5/382] 在馆    
3 0572859   205728596   第三借阅区/ [索取号:TP368.5/382] 在馆    
4 0572860   205728563   第三借阅区/ [索取号:TP368.5/382] 在馆    
5 0572861   205728512   第三借阅区/ [索取号:TP368.5/382] 在馆    
唐山师范学院图书馆 欢迎您!
大连网信软件有限公司© 版权所有